000 00958nam a22003137a 4500
003 CHAP
005 20220817042916.0
008 971013s1995 r 00010 d
010 _a59597
011 _a60569
035 _a64731
040 _cCHAP
082 _a636.08
_bF3 v.125
110 _aFAO
245 _aVeterinary education
260 _aRome :
_bFAO,
_c1995
300 _a134 p.
490 _aFAO. Producción y sanidad vegetal
_v; 125
590 _aBATCH-UPD
_b10
_c20130110
_lUCH01
_h0049
590 _aBATCH-UPD
_b10
_c20130110
_lUCH01
_h0611
590 _aBATCH-UPD
_b10
_c20130409
_lUCH01
_h2035
590 _aBATCH-UPD
_b10
_c20130914
_lUCH01
_h1351
590 _aCONVERSION
_b10
_c20130109
_lUCH01
_h1332
650 1 4 _aVeterinaria
_xEstudio y enseñanza.
_9118996
830 0 _aFAO. Producción y sanidad vegetal
_v; 125
_939662
901 _aBK
942 _cLIBRO
949 _a636.08 F3 v.125
_bBC
_cFAO
_d33724000662516
_eFAO1
_h89925
_i64731
_si
999 _c59597
_d59597